| 000 | 01041cam a2200277 a 4500 | ||
|---|---|---|---|
| 001 | 1125025 | ||
| 005 | 20211206175630.0 | ||
| 008 | 940830s1995 maua b 001 0 eng | ||
| 010 | _a 94024545 | ||
| 020 | _a0875846041 (alk. paper) | ||
| 040 |
_aDLC _cDLC _dDLC |
||
| 050 | 0 | 0 |
_aHD30.27 _b.M385 1995 |
| 082 | 0 | 0 |
_a338.5448 _220 _bMCR |
| 100 | 1 |
_aMcRae, Hamish. _985784 |
|
| 245 | 1 | 4 |
_aThe world in 2020 : _bpower, culture, and prosperity / _cHamish McRae. |
| 246 | 3 | _aWorld in two thousand and twenty | |
| 260 |
_aBoston, Mass. : _bHarvard Business School Press, _c1995. |
||
| 300 |
_axiii, 302 p. : _bill. ; _c25 cm. |
||
| 504 | _aIncludes bibliographical references (p. 279-291) and index. | ||
| 650 | 0 |
_aBusiness forecasting. _985785 |
|
| 650 | 0 |
_aTwenty-first century _xForecasts. _985786 |
|
| 650 | 0 |
_aEconomic history _y1990- _985787 |
|
| 906 |
_a7 _bcbc _corignew _d1 _eocip _f19 _gy-gencatlg |
||
| 942 |
_2ddc _cBK |
||
| 999 |
_c587112 _d587112 |
||